| 000 | 00835nam a2200289Ia 4500 | ||
|---|---|---|---|
| 008 | 170711s9999 xx 000 0 und d | ||
| 020 | _a1582553912 | ||
| 050 | _a616.07 | ||
| 050 | _bAs846 2005 | ||
| 245 | _aAssessment made incredibly easy! / | ||
| 245 | _cedited by Dave Beverage, Brenna H. Mayer, Liz Schaeffer and Gale Thompson. | ||
| 250 | _aThird edition | ||
| 260 | _aPhilippines : | ||
| 260 | _bLippincott Williams, | ||
| 260 | _c2005 | ||
| 300 | _avi, 378 pages : | ||
| 300 | _billustrations ; | ||
| 300 | _c23cm. | ||
| 500 | _aIncludes glossary, bibliographic reference and index. | ||
| 650 | _aNursing assessment -- | ||
| 650 | _aNursing assessment -- | ||
| 650 | _aPhysical examination -- | ||
| 650 | _xHandbooks, manuals, etc. | ||
| 650 | _xmathods. | ||
| 650 | _xMethods. | ||
| 700 | _aTitle. | ||
| 999 |
_c339695 _d339695 |
||